Quizzes
Events
Quiz Creation
Community
Videos
Private Events
Remove Ads
Sign In
Join for FREE
Feedback
Dark Mode
Quiz Categories
Sports
Geography
Music
Movies
Television
Just For Fun
Miscellaneous
History
Literature
Language
Science
Gaming
Entertainment
Religion
Holiday
For Kids
Quiz Lab
Recent
Popular Today
Quiz Kudos Today
Editor Picks
Curator Picks
Quizzes by...
Day
Popularity
Type
Ratings
Length
Year
Community
Subscriptions
Recent Discussions
Orange Saloon
Badges
Playlists
Quests
Create
Leaderboards
Showdown
Live 5
Trivia Bingo
Activity
Puzzle Library
Sporcle Events
Private Events
Virtual Trivia
Globe League
Become a Host
Pub Owners
SporcleCon
Opinionation
Our Games
Videos
Blog
Mobile Apps
Partnerships
Remove Ads and Go Orange
Feedback
Sports
Athletes
MLB
NBA
NHL
NFL
Soccer
Sports Teams
WWE
NCAA
Football
Premier League
Basketball
Baseball
Hockey
Golf
Tennis
Cricket
Rugby
Auto Racing
Olympics
World Cup
Sports
Athletes
MLB
NBA
NHL
NFL
Soccer
Sports Teams
WWE
NCAA
Football
Premier League
Basketball
Baseball
Hockey
Golf
Tennis
Cricket
Rugby
Auto Racing
Olympics
World Cup
Random Quiz
Search Sporcle
×
Quiz Lab
Quiz Lab
Sports
Country
Type in answers that appear in a list
Type in answers that appear in a list
Classic
Best Score? Go Orange.
Hopman Cup Country Winners & Runners Up Stats
Can you name the Hopman Cup Country Winners & Runners Up?
By
kev123456
7m
44 Questions
93 Plays
93 Plays
93 Plays
Comments
Comments
Give Quiz Kudos
Give Quiz Kudos
-
- Ratings
hide this ad
Replay
Link that replays current quiz
Next Quiz
Link to next quiz in quiz playlist
You Got
0%
They Got
Avg Score
84%
Avg Friend Score
Upgrade to see
Score Distribution
Jump to the score distribution portion of the page
Score
0/44
Timer
07:00
0
Plays Today
Year
Country
% Correct
1990 Winners
Spain
98.9%
1990 Runner Ups
United States
98.9%
1991 Runner Ups
United States
98.9%
1993 Runner Ups
Spain
98.9%
1997 Winners
United States
98.9%
2001 Runner Ups
United States
98.9%
2002 Winners
Spain
98.9%
2002 Runner Ups
United States
98.9%
2003 Winners
United States
98.9%
2004 Winners
United States
98.9%
2006 Winners
United States
98.9%
2007 Runner Ups
Spain
98.9%
2008 Winners
United States
98.9%
1998 Runner Ups
France
95.7%
1989 Runner Ups
Australia
94.6%
1999 Winners
Australia
94.6%
2003 Runner Ups
Australia
94.6%
2007 Winners
Russia
94.6%
2009 Runner Ups
Russia
94.6%
2010 Winners
Spain
92.5%
1993 Winners
Germany
90.3%
1994 Runner Ups
Germany
90.3%
Year
Country
% Correct
1995 Winners
Germany
90.3%
2010 Runner Ups
Great Britain
89.2%
1999 Runner Ups
Sweden
87.1%
2008 Runner Ups
Serbia
87.1%
1992 Winners
Switzerland
86%
1996 Runner Ups
Switzerland
86%
2001 Winners
Switzerland
86%
2005 Runner Ups
Argentina
84.9%
1994 Winners
Czech Republic
80.6%
1996 Winners
Croatia
74.2%
2006 Runner Ups
Netherlands
68.8%
1997 Runner Ups
South Africa
67.7%
1998 Winners
Slovakia
67.7%
2000 Winners
South Africa
67.7%
2004 Runner Ups
Slovakia
67.7%
2005 Winners
Slovakia
67.7%
2009 Winners
Slovakia
67.7%
1995 Runner Ups
Ukraine
63.4%
1991 Winners
Yugoslavia
52.7%
1989 Winners
Czechoslovakia
51.6%
1992 Runner Ups
Czechoslovakia
51.6%
2000 Runner Ups
Thailand
34.4%
Quiz Playlist
Details
Report
Send in Message
Add To Playlist
Classic:
Type in answers that appear in a list
Last Updated: Feb 16, 2017
Quiz Scoreboard
CHALLENGE
Sign Up to Join the Scoreboard
Show All
Scores
Hide
Comments
May contain spoilers
Recently Published
TV Characters by Other Roles V
by ghcgh
Television
5m
Decade Duel: World Leaders
by jenniferyan
History
4m
Alphabetical 'K' Countries by Flag Minefield
by ylime102
Geography
3m
More to Explore
Quiz From the Vault
Featured Blog Post
15 Basketball Trivia Facts You Can Be March Mad About
hide this ad
You Might Also Like...
Tags
Country Quiz
cup
Player
Runner
Winner
Today's Top Quizzes in Sports
Browse Sports
hide this ad
Today's Top Quizzes in Country
Browse Country
Top Contributed Quizzes in Sports
1
Les joueurs à 100 buts en Ligue 1 Uber Eats
2
2022 World Cup Stars
3
Pick 6: NFL Teams
4
MLB 2 truths and a lie: Hall of Fame pitchers
5
Pick 6: Minor League Baseball
6
Millionaire: NBA Finals Edition
7
Pick 6: Olympics
8
50+ Goals in European Competition
9
Click the 1998 NBA Draft
10
Iconic Moments in Football - Multiple Choice
Explore More
Trending Topics
Crossword
Disney
Anime
NBA
Marvel
Kpop
Harry Potter
The Office
Puzzle
Pokémon
Country
WWE
Song
Soccer
NFL
hide this ad
More By:
kev123456
Quiz
Plays
Rating
Category
Featured
Created
20 Best Health Care Countries
3,563
3.55
Geography
Dec 11, 2009
20 Worst Health Care Countries
1,270
4.50
Geography
Dec 12, 2009
Countries that contain the letter Y
785
3.89
Geography
Nov 25, 2009
20 Most Motor Vehicles Countries
616
3.57
Geography
Dec 11, 2009
Left Hand Side Drive
391
2.00
Geography
Dec 10, 2009
Go to Creator's Profile
Score Distribution
Quiz Creator Spotlight
kev123456
Follow
Send a Message
Quizzes Created
-
Created Quiz Play Count
-
More By This Creator
Popular Quizzes Today
1
Countries of Asia Without Outlines Minefield
2
Find the US States - No Outlines Minefield
3
Pick 6: Fruits
4
The Countries of the World
5
Find the Countries of Europe - No Outlines Minefield
6
Alphabetical 'K' Countries by Flag Minefield
7
US States
8
Find the US States
More Sports Quizzes
Tony Parker's Top Scoring teammates per season
Quiz Lab
Trending Quizzes
Pick 6: Mountains
Pick 6: Harry Potter
Pick 6: NFL Teams
Pick 6: Flags
C Names for Actors
Recently Updated
Adaptations: Name the Title
pecheneg
NWSL Teams
pecheneg
Women's Final Four Teams by Year
bhenderson79
Presidents Quartet II
eogle
Anything But Clue(do)
eogle
Anything But Oceanian Capitals
eogle
Anything But 7
eogle
Anything But Thing
eogle
Word Ladder: February 29
pecheneg
Song Title Questions
pecheneg
Trending Topics
Harry Potter
Disney
Crossword
NBA
Anime
Marvel
Kpop
Pokémon
NFL
WWE
Song
The Office
Puzzle
Country
Soccer
Your Account Isn't Verified!
In order to create a playlist on Sporcle, you need to verify the email address you used during registration. Go to your
Sporcle Settings
to finish the process.
Report this User
Report this user for behavior that violates our
Community Guidelines
.
Details:
Send Report
Go to the Sporcle.com Mobile Site →
Comments